Cooperación e integración en la producción agrícola /

Guardado en:
Autor Principal: Schiller, Otto, 1901-1970.
Formato: Libro
Idioma:Spanish
English
German
Publicado: México, D. F. : Siglo Veintiuno Editores, 1970.
Edición:1a. ed.
Series:El mundo del hombre. Economía y demografía.
Materias:
Etiquetas: Agregar Etiqueta
Sin Etiquetas, Sea el primero en etiquetar este registro!
LEADER 01158nam a22002415a 4500
001 EAD.ead001420
008 080523s1970####mx#######b####000#0#spa#d
005 20101007154833.0
245 1 0 |a Cooperación e integración en la producción agrícola /  |c por Otto Schiller ; traducción de Florentino M. Torner ; revisada por el autor y Ramón Fernández y Fernández. 
250 |a 1a. ed. 
260 |a México, D. F. :  |b Siglo Veintiuno Editores,  |c 1970. 
300 |a vii, 308 p. ;  |c 18 cm. 
490 1 |a El mundo del hombre. Economía y demografía 
500 |a Traducción de: Cooperation and integration in agricultural production. 
500 |a Traducción de: Gemeinschaftsformen im Landwirtschaftlichen Produktionsbereich. 
504 |a Incluye referencias bibliográficas (p. [284]-298) e índice. 
100 1 |a Schiller, Otto,  |d 1901-1970. 
246 1 4 |a Formas de cooperación e integración en la producción agrícola 
830 0 |a El mundo del hombre.  |p Economía y demografía. 
082 0 4 |a 334.683  |2 21 
650 7 |a Cooperativas agrícolas.  |2 unbist 
041 1 |a spa  |h eng  |h ger 
859 |a AR-BaBDC  |b BIB. ADMINISTRACION GABCOOP - Libros  |h 334.683  |i Sch33  |p g01214